000 00472cam a22001217a 4500
008 180718b1975 xxu||||| |||| 00| 0 eng d
082 _aA81x54 In2/71/10/Pt 10 A & B/20
100 _aCensus of India 1971
245 _aMadhya Pradesh district census handbook, Dewas: village and townwise primary census abstract
260 _aBhopal
_bThe Government of Madhya Pradesh
_c1975
300 _a173+p.
440 _aCensus of India 1971. Series-10, Madhya Pradesh. Parts X (A) & (B)
999 _c485196
_d485196